<?xml version="1.0" encoding="UTF-8"?>
<record
    xmlns:xsi="http://www.w3.org/2001/XMLSchema-instance"
    xsi:schemaLocation="http://www.loc.gov/MARC21/slim http://www.loc.gov/standards/marcxml/schema/MARC21slim.xsd"
    xmlns="http://www.loc.gov/MARC21/slim">

  <leader>01404    a2200253   4500</leader>
  <datafield tag="999" ind1=" " ind2=" ">
    <subfield code="c">96621</subfield>
    <subfield code="d">96621</subfield>
  </datafield>
  <controlfield tag="003">NALT</controlfield>
  <controlfield tag="005">20250718104330.0</controlfield>
  <controlfield tag="008">200224b        th ||||| |||| 00| 0 tha d</controlfield>
  <datafield tag="020" ind1=" " ind2=" ">
    <subfield code="a">9786165582858</subfield>
  </datafield>
  <datafield tag="040" ind1=" " ind2=" ">
    <subfield code="a">NALT</subfield>
  </datafield>
  <datafield tag="050" ind1=" " ind2=" ">
    <subfield code="a">DS 586</subfield>
    <subfield code="b">&#xE20;671&#xE1E; 2560</subfield>
  </datafield>
  <datafield tag="245" ind1="0" ind2="0">
    <subfield code="a">&#xE1E;&#xE23;&#xE30;&#xE19;&#xE24;&#xE1A;&#xE14;&#xE34;&#xE19;&#xE17;&#xE23;&#xE4C;&#xE19;&#xE38;&#xE40;&#xE04;&#xE23;&#xE32;&#xE30;&#xE2B;&#xE4C; &#xE17;&#xE31;&#xE48;&#xE27;&#xE2B;&#xE25;&#xE49;&#xE32;&#xE1B;&#xE23;&#xE30;&#xE0A;&#xE32;&#xE40;&#xE1B;&#xE47;&#xE19;&#xE2A;&#xE38;&#xE02; /</subfield>
    <subfield code="c">&#xE40;&#xE23;&#xE35;&#xE22;&#xE1A;&#xE40;&#xE23;&#xE35;&#xE22;&#xE07;&#xE42;&#xE14;&#xE22; &#xE1E;&#xE25;&#xE32;&#xE14;&#xE34;&#xE28;&#xE31;&#xE22; &#xE2A;&#xE34;&#xE17;&#xE18;&#xE34;&#xE18;&#xE31;&#xE0D;&#xE01;&#xE34;&#xE08; &#xE41;&#xE25;&#xE30;&#xE04;&#xE13;&#xE30;.</subfield>
  </datafield>
  <datafield tag="250" ind1=" " ind2=" ">
    <subfield code="a">&#xE1E;&#xE34;&#xE21;&#xE1E;&#xE4C;&#xE04;&#xE23;&#xE31;&#xE49;&#xE07;&#xE17;&#xE35;&#xE48; 2</subfield>
  </datafield>
  <datafield tag="260" ind1=" " ind2=" ">
    <subfield code="a">&#xE01;&#xE23;&#xE38;&#xE07;&#xE40;&#xE17;&#xE1E;&#xE2F; :</subfield>
    <subfield code="b">&#xE40;&#xE1E;&#xE37;&#xE48;&#xE2D;&#xE19;&#xE40;&#xE23;&#xE35;&#xE22;&#xE19; &#xE40;&#xE14;&#xE47;&#xE01;&#xE44;&#xE17;&#xE22;,</subfield>
    <subfield code="c">2560.</subfield>
  </datafield>
  <datafield tag="300" ind1=" " ind2=" ">
    <subfield code="a">48 &#xE2B;&#xE19;&#xE49;&#xE32; :</subfield>
    <subfield code="b">&#xE20;&#xE32;&#xE1E;&#xE1B;&#xE23;&#xE30;&#xE01;&#xE2D;&#xE1A; ;</subfield>
    <subfield code="c">32 &#xE0B;&#xE21;.</subfield>
  </datafield>
  <datafield tag="490" ind1=" " ind2="0">
    <subfield code="a">&#xE0A;&#xE38;&#xE14;&#xE28;&#xE32;&#xE2A;&#xE15;&#xE23;&#xE4C;&#xE1E;&#xE23;&#xE30;&#xE23;&#xE32;&#xE0A;&#xE32;</subfield>
  </datafield>
  <datafield tag="600" ind1="0" ind2="0">
    <subfield code="a">&#xE20;&#xE39;&#xE21;&#xE34;&#xE1E;&#xE25;&#xE2D;&#xE14;&#xE38;&#xE25;&#xE22;&#xE40;&#xE14;&#xE0A;,</subfield>
    <subfield code="c">&#xE1E;&#xE23;&#xE30;&#xE1A;&#xE32;&#xE17;&#xE2A;&#xE21;&#xE40;&#xE14;&#xE47;&#xE08;&#xE1E;&#xE23;&#xE30;&#xE40;&#xE08;&#xE49;&#xE32;&#xE2D;&#xE22;&#xE39;&#xE48;&#xE2B;&#xE31;&#xE27;,  </subfield>
    <subfield code="d">2470-2559</subfield>
    <subfield code="x">&#xE1E;&#xE23;&#xE30;&#xE23;&#xE32;&#xE0A;&#xE01;&#xE23;&#xE13;&#xE35;&#xE22;&#xE01;&#xE34;&#xE08;</subfield>
    <subfield code="9">43748</subfield>
  </datafield>
  <datafield tag="600" ind1="0" ind2="0">
    <subfield code="a">&#xE20;&#xE39;&#xE21;&#xE34;&#xE1E;&#xE25;&#xE2D;&#xE14;&#xE38;&#xE25;&#xE22;&#xE40;&#xE14;&#xE0A;,</subfield>
    <subfield code="c">&#xE1E;&#xE23;&#xE30;&#xE1A;&#xE32;&#xE17;&#xE2A;&#xE21;&#xE40;&#xE14;&#xE47;&#xE08;&#xE1E;&#xE23;&#xE30;&#xE1B;&#xE23;&#xE21;&#xE34;&#xE19;&#xE17;&#xE23;&#xE21;&#xE2B;&#xE32;,</subfield>
    <subfield code="d">2470-2559</subfield>
    <subfield code="9">361</subfield>
  </datafield>
  <datafield tag="653" ind1=" " ind2="4">
    <subfield code="a">&#xE28;&#xE32;&#xE2A;&#xE15;&#xE23;&#xE4C;&#xE1E;&#xE23;&#xE30;&#xE23;&#xE32;&#xE0A;&#xE32;</subfield>
  </datafield>
  <datafield tag="700" ind1="0" ind2=" ">
    <subfield code="a">&#xE1E;&#xE25;&#xE32;&#xE14;&#xE34;&#xE28;&#xE31;&#xE22; &#xE2A;&#xE34;&#xE17;&#xE18;&#xE34;&#xE18;&#xE31;&#xE0D;&#xE01;&#xE34;&#xE08;.</subfield>
    <subfield code="9">12810</subfield>
  </datafield>
  <datafield tag="850" ind1=" " ind2=" ">
    <subfield code="a">NALT</subfield>
  </datafield>
  <datafield tag="942" ind1=" " ind2=" ">
    <subfield code="2">lcc</subfield>
    <subfield code="c">GB</subfield>
  </datafield>
  <datafield tag="998" ind1=" " ind2=" ">
    <subfield code="a">phon</subfield>
    <subfield code="b">phon</subfield>
    <subfield code="c">phon</subfield>
    <subfield code="j">1030</subfield>
    <subfield code="k"> &#xE19;&#xE32;&#xE07;&#xE2A;&#xE32;&#xE27;&#xE08;&#xE34;&#xE14;&#xE32;&#xE20;&#xE32;  &#xE17;&#xE31;&#xE1A;&#xE40;&#xE01;&#xE29;&#xE21;&#xE1B;&#xE34;&#xE15;&#xE34;&#xE42;&#xE2A;&#xE20;&#xE32;</subfield>
  </datafield>
  <datafield tag="952" ind1=" " ind2=" ">
    <subfield code="0">0</subfield>
    <subfield code="1">0</subfield>
    <subfield code="2">lcc</subfield>
    <subfield code="4">0</subfield>
    <subfield code="7">0</subfield>
    <subfield code="8">CGBL</subfield>
    <subfield code="a">NALT</subfield>
    <subfield code="b">NALT</subfield>
    <subfield code="c">GEN</subfield>
    <subfield code="d">2020-02-19</subfield>
    <subfield code="e">33</subfield>
    <subfield code="l">0</subfield>
    <subfield code="o">DS 586 &#xE20;671&#xE1E; 2560</subfield>
    <subfield code="p">3961210164</subfield>
    <subfield code="r">2020-02-28 00:00:00</subfield>
    <subfield code="w">2020-02-19</subfield>
    <subfield code="y">GB</subfield>
  </datafield>
</record>
